02110cam a2200325 i 450000100090000000300060000900500170001500600190003200700150005100800410006602000180010702400350012503500170016004000410017704100080021804100080022605000170023410000310025124000450028224501050032726000420043230000590047449000420053350400410057550504470061652005780106358800880164165000280172965000270175710071801CaAEU20251002120542.0m o d cr un|---aucuu221101s2022 sz a ob 000 0 eng d a97830310769927 a10.1007/978-3-031-07700-52doi aon1349470387 aGW5XEbengerdaepncGW5XEdYDXdAEU1 aeng1 hger aHF5549.5.C53 aMiddendorf, Jörgeauthor10aLösungsorientiertes Coaching.lEnglish10aSolution-focused business coachingb: a guide for individual and team coachingc/ Jörg Middendorf. aCham, Switzerland :bSpringer,c2022. a128 pages :billustrations (black and white) ;c22 cm. aBusiness guides on the go,x2731-4766 aIncludes bibliographical references.0 aPart I Individual Coaching — 1 It Is Not About Solutions! — 2 If It's Not Broken, Don't Fix it — 3 It Is Simple and Sometimes Easy — 4 It Is More than a Miracle — Part II Team Coaching: Reteaming — 5 It Is All About Motivation: Reteaming — 6 It Starts with a Motto: The Assignment — 7 It Is About the Team⁰́₉s Future: The Team Coaching Workshop 91 — 8 It Is Only 12 Steps: The Team Coaching — Workshop — Literature. aThis book presents the fundamentals and applications of solution-focused coaching both in individual coaching and in coaching entire teams. It provides central tools for consulting as well as an extensive collection of solution-focused coaching questions for practical use. In the second part of the book, methods and procedures for conducting team coaching workshops are presented. The book is aimed primarily at coaches and consultants who want to enrich their work with solution-focused coaching, as well as managers especially in the field of human resource management.0 aOnline resource; title from PDF title page (SpringerLink, viewed November 1, 2022). 0aEmployees xCoaching of 0aTeams in the workplace